|
|
|
|
| LEADER |
00000nbm0a2200000 4500 |
| 001 |
227946 |
| 005 |
20231101230834.0 |
| 035 |
|
|
|a (RuTPU)RU\TPU\book\248393
|
| 090 |
|
|
|a 227946
|
| 100 |
|
|
|a 20121212d1974 k y0rusy50 ca
|
| 101 |
0 |
|
|a rus
|
| 102 |
|
|
|a RU
|
| 105 |
|
|
|a a m 001zy
|
| 200 |
1 |
|
|a Исследование вакуумноплотных керамических материалов и изменение их свойств в результате обработки в растворах солей
|e диссертация на соискание ученой степени доктора технических наук
|f Г. И. Бердов
|g Томский политехнический институт (ТПИ)
|
| 210 |
|
|
|a Томск
|c [Б. и.]
|d 1974
|
| 215 |
|
|
|a 251 л.
|c ил.
|
| 320 |
|
|
|a Библиогр.: с. 218-243 (355 назв.).
|
| 606 |
1 |
|
|a Электрокерамика
|2 stltpush
|3 (RuTPU)RU\TPU\subj\20107
|9 45246
|
| 610 |
1 |
|
|a вакуумноплотные керамические материалы
|
| 610 |
1 |
|
|a свойства
|
| 610 |
1 |
|
|a улучшение
|
| 610 |
1 |
|
|a математический анализ
|
| 610 |
1 |
|
|a пористые керамические тела
|
| 610 |
1 |
|
|a солевые растворы
|
| 610 |
1 |
|
|a взаимодействие
|
| 610 |
1 |
|
|a физико-химические основы
|
| 610 |
1 |
|
|a соли
|
| 610 |
1 |
|
|a водные растворы
|
| 610 |
1 |
|
|a диссертации
|
| 675 |
|
|
|a 621.315.612(04)
|v 3
|
| 700 |
|
1 |
|a Бердов
|b Г. И.
|g Геннадий Ильич
|
| 712 |
0 |
2 |
|a Томский политехнический институт (ТПИ)
|c (1944-1991)
|2 stltpush
|3 (RuTPU)RU\TPU\col\1123
|
| 801 |
|
1 |
|a RU
|b 63413507
|c 20121212
|
| 801 |
|
2 |
|a RU
|b 63413507
|c 20121217
|g RCR
|
| 942 |
|
|
|c BK
|